| 000 | 00671nam a22001937a 4500 | ||
|---|---|---|---|
| 005 | 20140110113834.0 | ||
| 010 | _aENG-108998 | ||
| 020 |
_a9788180389351 _c1295.00 |
||
| 035 | _aEN-92531 | ||
| 037 | _bDBAD/PUB | ||
| 082 | _a328.54 | ||
| 100 | _aChauhan, K. S. | ||
| 245 |
_aParliament powers, functions & privileges : _cby K. S. Chauhan ; foreworded by T.S. Thakur _ba comparative constitutional perspective / |
||
| 260 |
_aGurgaon _bLexis Nexis _c2013 |
||
| 270 |
_a14th floor, Building No 10, Tower-B, DLF Cyber City, Phase-ll, _bGurgaon _e122002 |
||
| 300 |
_alvii,797p. _c24cm(pbk) |
||
| 500 | _aIncludes index | ||
| 942 |
_2ddc _cEN _mCHA _h328.54 |
||
| 999 |
_c81451 _d81451 |
||